<?xml version="1.0" encoding="UTF-8"?>
<record
    xmlns:xsi="http://www.w3.org/2001/XMLSchema-instance"
    xsi:schemaLocation="http://www.loc.gov/MARC21/slim http://www.loc.gov/standards/marcxml/schema/MARC21slim.xsd"
    xmlns="http://www.loc.gov/MARC21/slim">

  <leader>03935nam a22003497a 4500</leader>
  <controlfield tag="003">NALT</controlfield>
  <controlfield tag="005">20251010123409.0</controlfield>
  <controlfield tag="008">250816b        th ||||| |||| 00| 0 tha d</controlfield>
  <datafield tag="020" ind1=" " ind2=" ">
    <subfield code="a">9786160852895</subfield>
  </datafield>
  <datafield tag="040" ind1=" " ind2=" ">
    <subfield code="a">NALT</subfield>
  </datafield>
  <datafield tag="041" ind1="1" ind2=" ">
    <subfield code="a">tha</subfield>
    <subfield code="h">eng</subfield>
  </datafield>
  <datafield tag="050" ind1=" " ind2=" ">
    <subfield code="a">HD 38.2</subfield>
    <subfield code="b">&#xE2A;122&#xE1A; 2568</subfield>
  </datafield>
  <datafield tag="100" ind1="1" ind2=" ">
    <subfield code="a">&#xE2A;&#xE01;&#xE47;&#xE2D;&#xE15;&#xE15;&#xE4C;, &#xE04;&#xE34;&#xE21;</subfield>
    <subfield code="9">66444</subfield>
  </datafield>
  <datafield tag="245" ind1="1" ind2="0">
    <subfield code="a">&#xE1A;&#xE23;&#xE34;&#xE2B;&#xE32;&#xE23;&#xE17;&#xE35;&#xE21;&#xE41;&#xE1A;&#xE1A;&#xE44;&#xE2B;&#xE19;&#xE17;&#xE35;&#xE48;&#xE08;&#xE23;&#xE34;&#xE07;&#xE43;&#xE08;&#xE15;&#xE23;&#xE07;&#xE44;&#xE1B;&#xE15;&#xE23;&#xE07;&#xE21;&#xE32; = </subfield>
    <subfield code="b">Radical candor /</subfield>
    <subfield code="c">Kim Scott, &#xE40;&#xE02;&#xE35;&#xE22;&#xE19; ; &#xE0A;&#xE27;&#xE25;&#xE34;&#xE15; &#xE40;&#xE25;&#xE32;&#xE2B;&#xE2D;&#xE38;&#xE14;&#xE21;&#xE1E;&#xE31;&#xE19;&#xE18;&#xE4C;, &#xE41;&#xE1B;&#xE25;.</subfield>
  </datafield>
  <datafield tag="246" ind1="3" ind2="1">
    <subfield code="a">Radical candor</subfield>
  </datafield>
  <datafield tag="250" ind1=" " ind2=" ">
    <subfield code="a">&#xE1E;&#xE34;&#xE21;&#xE1E;&#xE4C;&#xE04;&#xE23;&#xE31;&#xE49;&#xE07;&#xE41;&#xE23;&#xE01;</subfield>
  </datafield>
  <datafield tag="260" ind1=" " ind2=" ">
    <subfield code="a">&#xE01;&#xE23;&#xE38;&#xE07;&#xE40;&#xE17;&#xE1E;&#xE2F; :</subfield>
    <subfield code="b">&#xE0B;&#xE35;&#xE40;&#xE2D;&#xE47;&#xE14;&#xE22;&#xE39;&#xE40;&#xE04;&#xE0A;&#xE31;&#xE48;&#xE19;, </subfield>
    <subfield code="c">2568.</subfield>
  </datafield>
  <datafield tag="300" ind1=" " ind2=" ">
    <subfield code="a">429 &#xE2B;&#xE19;&#xE49;&#xE32; :</subfield>
    <subfield code="b">&#xE20;&#xE32;&#xE1E;&#xE1B;&#xE23;&#xE30;&#xE01;&#xE2D;&#xE1A;, &#xE41;&#xE1C;&#xE19;&#xE20;&#xE39;&#xE21;&#xE34; ; </subfield>
    <subfield code="c">21 &#xE0B;&#xE21;.</subfield>
  </datafield>
  <datafield tag="505" ind1="2" ind2=" ">
    <subfield code="a">Part 1 &#xE1B;&#xE23;&#xE31;&#xE0A;&#xE0D;&#xE32;&#xE01;&#xE32;&#xE23;&#xE1A;&#xE23;&#xE34;&#xE2B;&#xE32;&#xE23;&#xE22;&#xE38;&#xE04;&#xE43;&#xE2B;&#xE21;&#xE48; --
1. &#xE2A;&#xE23;&#xE49;&#xE32;&#xE07;&#xE04;&#xE27;&#xE32;&#xE21;&#xE2A;&#xE31;&#xE21;&#xE1E;&#xE31;&#xE19;&#xE18;&#xE4C;&#xE17;&#xE35;&#xE48;&#xE08;&#xE23;&#xE34;&#xE07;&#xE43;&#xE08;&#xE15;&#xE23;&#xE07;&#xE44;&#xE1B;&#xE15;&#xE23;&#xE07;&#xE21;&#xE32; : &#xE40;&#xE2D;&#xE32;&#xE04;&#xE27;&#xE32;&#xE21;&#xE40;&#xE1B;&#xE47;&#xE19;&#xE15;&#xE31;&#xE27;&#xE04;&#xE38;&#xE13;&#xE21;&#xE32;&#xE2A;&#xE39;&#xE48;&#xE01;&#xE32;&#xE23;&#xE17;&#xE33;&#xE07;&#xE32;&#xE19; -- 
2 &#xE23;&#xE31;&#xE1A;&#xE04;&#xE33;&#xE41;&#xE19;&#xE30;&#xE19;&#xE33; &#xE43;&#xE2B;&#xE49;&#xE04;&#xE33;&#xE41;&#xE19;&#xE30;&#xE19;&#xE33; &#xE41;&#xE25;&#xE30;&#xE2A;&#xE48;&#xE07;&#xE40;&#xE2A;&#xE23;&#xE34;&#xE21;&#xE43;&#xE2B;&#xE49;&#xE17;&#xE38;&#xE01;&#xE04;&#xE19;&#xE41;&#xE19;&#xE30;&#xE19;&#xE33;&#xE01;&#xE31;&#xE19;&#xE41;&#xE25;&#xE30;&#xE01;&#xE31;&#xE19; : &#xE2A;&#xE23;&#xE49;&#xE32;&#xE07;&#xE27;&#xE31;&#xE12;&#xE19;&#xE18;&#xE23;&#xE23;&#xE21;&#xE17;&#xE35;&#xE48;&#xE17;&#xE38;&#xE01;&#xE04;&#xE19;&#xE2A;&#xE37;&#xE48;&#xE2D;&#xE2A;&#xE32;&#xE23;&#xE01;&#xE31;&#xE19;&#xE2D;&#xE22;&#xE48;&#xE32;&#xE07;&#xE40;&#xE1B;&#xE34;&#xE14;&#xE40;&#xE1C;&#xE22; -- 
3. &#xE40;&#xE02;&#xE49;&#xE32;&#xE43;&#xE08;&#xE2A;&#xE34;&#xE48;&#xE07;&#xE17;&#xE35;&#xE48;&#xE40;&#xE1B;&#xE47;&#xE19;&#xE41;&#xE23;&#xE07;&#xE08;&#xE39;&#xE07;&#xE43;&#xE08;&#xE02;&#xE2D;&#xE07;&#xE04;&#xE19;&#xE43;&#xE19;&#xE17;&#xE35;&#xE21;&#xE41;&#xE15;&#xE48;&#xE25;&#xE30;&#xE04;&#xE19; : &#xE0A;&#xE48;&#xE27;&#xE22;&#xE43;&#xE2B;&#xE49;&#xE17;&#xE38;&#xE01;&#xE04;&#xE19;&#xE01;&#xE49;&#xE32;&#xE27;&#xE44;&#xE1B;&#xE43;&#xE19;&#xE17;&#xE34;&#xE28;&#xE17;&#xE32;&#xE07;&#xE17;&#xE35;&#xE48;&#xE1E;&#xE27;&#xE01;&#xE40;&#xE02;&#xE32;&#xE1D;&#xE31;&#xE19; -- 
4. &#xE23;&#xE48;&#xE27;&#xE21;&#xE21;&#xE37;&#xE2D;&#xE01;&#xE31;&#xE19;&#xE02;&#xE31;&#xE1A;&#xE40;&#xE04;&#xE25;&#xE37;&#xE48;&#xE2D;&#xE19;&#xE1C;&#xE25;&#xE25;&#xE31;&#xE1E;&#xE18;&#xE4C; : &#xE01;&#xE32;&#xE23;&#xE1A;&#xE2D;&#xE01;&#xE04;&#xE19;&#xE2D;&#xE37;&#xE48;&#xE19;&#xE43;&#xE2B;&#xE49;&#xE17;&#xE33;&#xE2D;&#xE30;&#xE44;&#xE23;&#xE21;&#xE31;&#xE19;&#xE44;&#xE21;&#xE48;&#xE44;&#xE14;&#xE49;&#xE1C;&#xE25; -- 
Part 2 &#xE40;&#xE04;&#xE23;&#xE37;&#xE48;&#xE2D;&#xE07;&#xE21;&#xE37;&#xE2D;&#xE41;&#xE25;&#xE30;&#xE40;&#xE17;&#xE04;&#xE19;&#xE34;&#xE04; --
5. &#xE04;&#xE27;&#xE32;&#xE21;&#xE2A;&#xE31;&#xE21;&#xE1E;&#xE31;&#xE19;&#xE18;&#xE4C; : &#xE27;&#xE34;&#xE18;&#xE35;&#xE01;&#xE32;&#xE23;&#xE2A;&#xE23;&#xE49;&#xE32;&#xE07;&#xE04;&#xE27;&#xE32;&#xE21;&#xE40;&#xE0A;&#xE37;&#xE48;&#xE2D;&#xE43;&#xE08;&#xE01;&#xE31;&#xE1A;&#xE25;&#xE39;&#xE01;&#xE19;&#xE49;&#xE2D;&#xE07;&#xE17;&#xE35;&#xE48;&#xE02;&#xE36;&#xE49;&#xE19;&#xE15;&#xE23;&#xE07;&#xE15;&#xE48;&#xE2D;&#xE04;&#xE38;&#xE13; -- 
6. &#xE04;&#xE33;&#xE41;&#xE19;&#xE30;&#xE19;&#xE33; : &#xE2B;&#xE25;&#xE32;&#xE01;&#xE2B;&#xE25;&#xE32;&#xE22;&#xE44;&#xE2D;&#xE40;&#xE14;&#xE35;&#xE22;&#xE2A;&#xE33;&#xE2B;&#xE23;&#xE31;&#xE1A;&#xE01;&#xE32;&#xE23;&#xE23;&#xE31;&#xE1A;/&#xE01;&#xE32;&#xE23;&#xE43;&#xE2B;&#xE49;/&#xE01;&#xE32;&#xE23;&#xE2A;&#xE48;&#xE07;&#xE40;&#xE2A;&#xE23;&#xE34;&#xE21;&#xE43;&#xE2B;&#xE49;&#xE40;&#xE01;&#xE34;&#xE14;&#xE04;&#xE33;&#xE0A;&#xE21;&#xE41;&#xE25;&#xE30;&#xE04;&#xE33;&#xE27;&#xE34;&#xE08;&#xE32;&#xE23;&#xE13;&#xE4C; -- 
7. &#xE17;&#xE35;&#xE21; : &#xE2B;&#xE25;&#xE32;&#xE01;&#xE2B;&#xE25;&#xE32;&#xE22;&#xE40;&#xE17;&#xE04;&#xE19;&#xE34;&#xE04;&#xE2A;&#xE33;&#xE2B;&#xE23;&#xE31;&#xE1A;&#xE01;&#xE32;&#xE23;&#xE2B;&#xE25;&#xE35;&#xE01;&#xE40;&#xE25;&#xE35;&#xE48;&#xE22;&#xE07;&#xE04;&#xE27;&#xE32;&#xE21;&#xE40;&#xE1A;&#xE37;&#xE48;&#xE2D;&#xE2B;&#xE19;&#xE48;&#xE32;&#xE22;&#xE41;&#xE25;&#xE30;&#xE2B;&#xE21;&#xE14;&#xE44;&#xE1F; -- 
8. &#xE1C;&#xE25;&#xE25;&#xE31;&#xE1E;&#xE18;&#xE4C; : &#xE2B;&#xE25;&#xE32;&#xE01;&#xE2B;&#xE25;&#xE32;&#xE22;&#xE2A;&#xE34;&#xE48;&#xE07;&#xE17;&#xE35;&#xE48;&#xE04;&#xE38;&#xE13;&#xE17;&#xE33;&#xE44;&#xE14;&#xE49;&#xE40;&#xE1E;&#xE37;&#xE48;&#xE2D;&#xE1A;&#xE23;&#xE23;&#xE25;&#xE38;&#xE1C;&#xE25;&#xE25;&#xE31;&#xE1E;&#xE18;&#xE4C;&#xE23;&#xE48;&#xE27;&#xE21;&#xE01;&#xE31;&#xE19;&#xE2D;&#xE22;&#xE48;&#xE32;&#xE07;&#xE23;&#xE27;&#xE14;&#xE40;&#xE23;&#xE47;&#xE27; --
&#xE40;&#xE23;&#xE34;&#xE48;&#xE21;&#xE1B;&#xE0F;&#xE34;&#xE1A;&#xE31;&#xE15;&#xE34;&#xE08;&#xE23;&#xE34;&#xE07; --
&#xE1A;&#xE17;&#xE2A;&#xE48;&#xE07;&#xE17;&#xE49;&#xE32;&#xE22;&#xE2A;&#xE33;&#xE2B;&#xE23;&#xE31;&#xE1A;&#xE09;&#xE1A;&#xE31;&#xE1A;&#xE1B;&#xE23;&#xE31;&#xE1A;&#xE1B;&#xE23;&#xE38;&#xE07;&#xE43;&#xE2B;&#xE21;&#xE48; : &#xE17;&#xE33;&#xE43;&#xE2B;&#xE49;&#xE04;&#xE27;&#xE32;&#xE21; "&#xE08;&#xE23;&#xE34;&#xE07;&#xE43;&#xE08;&#xE15;&#xE23;&#xE07;&#xE44;&#xE1B;&#xE15;&#xE23;&#xE07;&#xE21;&#xE32;" &#xE21;&#xE31;&#xE19;&#xE40;&#xE01;&#xE34;&#xE14;&#xE02;&#xE36;&#xE49;&#xE19;&#xE08;&#xE23;&#xE34;&#xE07; --
&#xE1A;&#xE17;&#xE41;&#xE16;&#xE21;&#xE2A;&#xE33;&#xE2B;&#xE23;&#xE31;&#xE1A;&#xE09;&#xE1A;&#xE31;&#xE1A;&#xE1B;&#xE23;&#xE31;&#xE1A;&#xE1B;&#xE23;&#xE38;&#xE07;&#xE43;&#xE2B;&#xE21;&#xE48; : &#xE1B;&#xE23;&#xE30;&#xE40;&#xE21;&#xE34;&#xE19;&#xE1C;&#xE25;&#xE07;&#xE32;&#xE19;&#xE14;&#xE49;&#xE27;&#xE22;&#xE04;&#xE27;&#xE32;&#xE21;&#xE08;&#xE23;&#xE34;&#xE07;&#xE43;&#xE08;&#xE15;&#xE23;&#xE07;&#xE44;&#xE1B;&#xE15;&#xE23;&#xE07;&#xE21;&#xE32;.</subfield>
  </datafield>
  <datafield tag="650" ind1=" " ind2="4">
    <subfield code="a">&#xE04;&#xE27;&#xE32;&#xE21;&#xE2A;&#xE32;&#xE21;&#xE32;&#xE23;&#xE16;&#xE17;&#xE32;&#xE07;&#xE01;&#xE32;&#xE23;&#xE1A;&#xE23;&#xE34;&#xE2B;&#xE32;&#xE23;</subfield>
    <subfield code="9">12402</subfield>
  </datafield>
  <datafield tag="650" ind1=" " ind2="4">
    <subfield code="a">&#xE20;&#xE32;&#xE27;&#xE30;&#xE1C;&#xE39;&#xE49;&#xE19;&#xE33;</subfield>
    <subfield code="9">5550</subfield>
  </datafield>
  <datafield tag="650" ind1=" " ind2="4">
    <subfield code="a">&#xE01;&#xE32;&#xE23;&#xE1A;&#xE23;&#xE34;&#xE2B;&#xE32;&#xE23;&#xE07;&#xE32;&#xE19;&#xE1A;&#xE38;&#xE04;&#xE04;&#xE25;</subfield>
    <subfield code="9">44</subfield>
  </datafield>
  <datafield tag="650" ind1=" " ind2="4">
    <subfield code="a">&#xE27;&#xE31;&#xE12;&#xE19;&#xE18;&#xE23;&#xE23;&#xE21;&#xE2D;&#xE07;&#xE04;&#xE4C;&#xE01;&#xE32;&#xE23;</subfield>
    <subfield code="9">6518</subfield>
  </datafield>
  <datafield tag="653" ind1=" " ind2="4">
    <subfield code="a">&#xE04;&#xE27;&#xE32;&#xE21;&#xE40;&#xE1B;&#xE47;&#xE19;&#xE1C;&#xE39;&#xE49;&#xE19;&#xE33;</subfield>
  </datafield>
  <datafield tag="700" ind1="1" ind2=" ">
    <subfield code="a">Scott, Kim</subfield>
    <subfield code="9">66491</subfield>
  </datafield>
  <datafield tag="700" ind1="0" ind2=" ">
    <subfield code="a">&#xE0A;&#xE27;&#xE25;&#xE34;&#xE15; &#xE40;&#xE25;&#xE32;&#xE2B;&#xE2D;&#xE38;&#xE14;&#xE21;&#xE1E;&#xE31;&#xE19;&#xE18;&#xE4C;</subfield>
    <subfield code="9">66490</subfield>
  </datafield>
  <datafield tag="942" ind1=" " ind2=" ">
    <subfield code="c">GB</subfield>
    <subfield code="2">lcc</subfield>
  </datafield>
  <datafield tag="996" ind1=" " ind2=" ">
    <subfield code="a">jidapa.t</subfield>
    <subfield code="b">ACQSTF</subfield>
    <subfield code="c">2025-08-16</subfield>
  </datafield>
  <datafield tag="996" ind1=" " ind2=" ">
    <subfield code="a">varee.k</subfield>
    <subfield code="b">LIBSTF</subfield>
    <subfield code="c">2025-08-19</subfield>
  </datafield>
  <datafield tag="996" ind1=" " ind2=" ">
    <subfield code="a">saiphon.d</subfield>
    <subfield code="b">CATSTF	</subfield>
    <subfield code="c">2025-08-22</subfield>
  </datafield>
  <datafield tag="999" ind1=" " ind2=" ">
    <subfield code="c">107104</subfield>
    <subfield code="d">107104</subfield>
  </datafield>
  <datafield tag="998" ind1=" " ind2=" ">
    <subfield code="j">8</subfield>
    <subfield code="k"> &#xE19;&#xE32;&#xE22;&#xE1A;&#xE31;&#xE13;&#xE11;&#xE34;&#xE15;  &#xE2D;&#xE38;&#xE17;&#xE32;&#xE27;&#xE07;&#xE04;&#xE4C;</subfield>
  </datafield>
  <datafield tag="952" ind1=" " ind2=" ">
    <subfield code="0">0</subfield>
    <subfield code="1">0</subfield>
    <subfield code="2">lcc</subfield>
    <subfield code="4">0</subfield>
    <subfield code="7">0</subfield>
    <subfield code="8">CGBL</subfield>
    <subfield code="a">NALT</subfield>
    <subfield code="b">NALT</subfield>
    <subfield code="c">GEN</subfield>
    <subfield code="d">2025-08-16</subfield>
    <subfield code="e">194</subfield>
    <subfield code="l">3</subfield>
    <subfield code="m">1</subfield>
    <subfield code="o">HD 38.2 &#xE2A;122&#xE1A; 2568</subfield>
    <subfield code="p">3961215545</subfield>
    <subfield code="r">2025-10-14 00:00:00</subfield>
    <subfield code="s">2025-10-10</subfield>
    <subfield code="w">2025-08-16</subfield>
    <subfield code="y">GB</subfield>
  </datafield>
</record>
